Pohybové hry

Bibliographic Details
Main Author: Argaj, Gustáv, 1956- (Author)
Format: Book
Language:Slovak
PhysicalDescription:95 s. ilustr,, sch. 29 cm
Published: Bratislava Univerzita Komenského 2001
ISBN:802231658X
Edition:2. preprac. vyd.
Subjects:

MARC

LEADER 00000nam a2200000 a 4500
001 vtls001435095
003 SK-MaSNL
005 20260302072719.0
008 240509s2001 xo aa r y slo
015 |a SNBA2002/10-03227 
020 |a 802231658X 
035 |a SNK000390180 
035 |a urn:nbn:sk:snk-amlu31 
035 |a urn:nbn:sk:snk-am00cbik 
035 |a FFE15783-3BBA-403C-A3A2-ED9D2E467FA0 
040 |a SNK  |b slo  |c SNK  |e AACR2 
041 0 |a slo 
044 |a xo  |c SK 
080 |a 796.1/.3(075.8)  |2 1981 
100 1 |a Argaj, Gustáv,  |d 1956-  |4 aut  |9 219124 
245 1 0 |a Pohybové hry  |c Gustáv Argaj a kolektív 
250 |a 2. preprac. vyd. 
260 |a Bratislava  |b Univerzita Komenského  |c 2001 
300 |a 95 s.  |b ilustr,, sch.  |c 29 cm 
500 |a 400 výt. 
504 |a Bibliogr. s. 94-95 
650 0 7 |a pohybové hry  |2 SNK  |9 3235 
655 7 |a Textbooks (higher)  |2 SNKPHeng  |9 276436 
655 7 |a učebnice vysokých škôl  |2 SNKPH  |9 70191 
919 |a 80-223-1658-X 
958 |a UV 
958 |a NB 
958 |a TL 
999 |c 1157749  |d 1159679 
952 |t P60, <04>, [BOOK], {604}  |a SNK  |b SNK  |y VYP  |7 0  |p 17A0345822  |o snkSB 65055 D1  |i snkKSP 6577/2002  |0 0  |1 0  |4 0  |d 2002-05-31  |l 0  |r 2005-01-02 00:00:00  |w 2026-02-24 
952 |t P60, <03>, [BOOK], {603}  |a SNK  |b SNK  |y PREZ  |7 0  |p 17A0345821  |o snkSB 65055  |i snkKSP 6576/2002  |0 0  |1 0  |4 0  |d 2002-05-31  |f 1  |l 0  |r 2017-06-30 00:00:00  |w 2026-02-24